000 00333nam a22001457a 4500
008 210427b ||||| |||| 00| 0 eng d
020 _a9780321819314
041 _aeng
080 _24th
_a573
082 _a573
100 _a11
101 _aBIO
245 _aMicrobiology with Disease by Taxonomy
_cBauman,R.W
942 _2udc
_cBK
999 _c56832
_d56832